000 00751nam a22002177a 4500
005 20180701143043.0
008 180619b xxu||||| |||| 00| 0 eng d
010 _aA-896870
020 _a0195643763
035 _aA-896870, A-896866
037 _bBPPD/PUB
040 _adpl
_bEnglish
082 _a954.01
100 _aRaychaudhuri, Hemchandra
245 _aPolitical history of ancient India :
_cby Hemchandra Raychaudhuri
_bfrom the accession of parikshit to the extinction of the Gupta Dynasty /
260 _aNew Delhi :
_bOxford University press
_c1997
300 _axxxv, 849p.;
_c21cm (Hb)
500 _aIncludes bibliographical references and index
650 _2Art, Indonesian
942 _2ddc
_cEN
_h954.01
_mRAY
999 _c16844
_d16844